The congress of the United States / (Record no. 708)
[ view plain ]
| 000 -LEADER | |
|---|---|
| fixed length control field | 01387nam a22002657a 4500 |
| 005 - DATE AND TIME OF LATEST TRANSACTION | |
| control field | 20230703144501.0 |
| 020 ## - INTERNATIONAL STANDARD BOOK NUMBER | |
| International Standard Book Number | 9780531147788 |
| 040 ## - CATALOGING SOURCE | |
| Original cataloging agency | FISKH |
| Language of cataloging | eng |
| Transcribing agency | FISKH |
| Modifying agency | FISKH |
| 050 ## - LIBRARY OF CONGRESS CALL NUMBER | |
| Classification number | JK1025.T39 |
| 082 ## - DEWEY DECIMAL CLASSIFICATION NUMBER | |
| Classification number | 328.73 |
| 100 ## - MAIN ENTRY--PERSONAL NAME | |
| Personal name | Taylor-Bulter, Christine |
| 245 ## - TITLE STATEMENT | |
| Title | The congress of the United States / |
| Remainder of title | The first congress had only 79 members. Today it has 535. |
| 260 ## - PUBLICATION, DISTRIBUTION, ETC. | |
| Place of publication, distribution, etc. | New York : |
| Name of publisher, distributor, etc. | Scholastic. |
| Date of publication, distribution, etc. | 2008. |
| 300 ## - PHYSICAL DESCRIPTION | |
| Extent | 48 pages ; |
| Other physical details | color illustrations, |
| Dimensions | 22 cm. |
| 490 ## - SERIES STATEMENT | |
| Materials specified | A true book |
| 505 ## - FORMATTED CONTENTS NOTE | |
| Formatted contents note | Q <br/> |
| 520 ## - SUMMARY, ETC. | |
| Summary, etc. | Ideal for today's young investigative reader, each A True Book includes lively sidebars, a glossary and index, plus a comprehensive "To Find Out More" section listing books, organizations, and Internet sites. A staple of library collections since the 1950s, the new A True Book series is the definitive nonfiction series for elementary school readers. A True Book -- American History: How do you wrap a 450,000-pound gift? What is the world's oldest and shortest written constitution? Find out in this patriotic celebration of things uniquely American. |
| 521 ## - TARGET AUDIENCE NOTE | |
| Target audience note | 660 <br/> |
| Source | Lexile <br/> |
| 521 ## - TARGET AUDIENCE NOTE | |
| Target audience note | Q |
| Source | Raz-Plus <br/> |
| 650 ## - SUBJECT ADDED ENTRY--TOPICAL TERM | |
| Topical term or geographic name entry element | United States |
| Form subdivision | Congress |
| General subdivision | Juvenile literature |
| 650 ## - SUBJECT ADDED ENTRY--TOPICAL TERM | |
| Topical term or geographic name entry element | United States |
| Form subdivision | Politics and government |
| General subdivision | Juvenile literature |
| 942 ## - ADDED ENTRY ELEMENTS (KOHA) | |
| Source of classification or shelving scheme | Dewey Decimal Classification |
| Koha item type | Books |
| Suppress in OPAC | No |
| 999 ## - | |
| -- | 708 |
| -- | 708 |
| Withdrawn status | Lost status | Source of classification or shelving scheme | Damaged status | Not for loan | Collection | Home library | Current library | Shelving location | Date acquired | Total Checkouts | Full call number | Barcode | Date last seen | Date last checked out | Price effective from | Koha item type |
|---|---|---|---|---|---|---|---|---|---|---|---|---|---|---|---|---|
| Long Overdue (Lost) | Dewey Decimal Classification | Non-Fiction | Footprints International School Library Network Toul Kork Campus | Footprints International School Library Network Toul Kork Campus | TK Primary Library Room(4th Floor), Bookcase 5&6, Shelves 33-56, Orange Books | 07/03/2023 | 1 | TAY 328.73 JK1025.T39 | FISTK01247 | 08/09/2023 | 08/09/2023 | 07/03/2023 | Books |
